000 00243nam a2200097Ia 4500
001 983889
005 20251230100627.0
008 250824s9999 xx 000 0 und d
245 0 _aYİTİK KALPLER İSTASYONU
_cSARAH JIO
260 _bPENA YAYINLARI
999 _c983889
_d983889